Most Protestant Countries - Statistics

General Stats
  • This quiz has been taken 36 times
  • The average score is 15 of 31
Answer Stats
Answer % of Population % Correct
Norway 72%
94%
Sweden 60%
94%
Denmark 82%
87%
Finland 65.8%
87%
Iceland 68.1%
74%
South Africa 72.9%
68%
Eswatini 67%
58%
Lesotho 50%
58%
Kenya 60.8%
55%
Namibia 74%
52%
Zimbabwe 67%
52%
Zambia 68%
48%
Malawi 55%
45%
St. Vincent and the Grenadines 77%
45%
Tonga 73%
45%
Antigua and Barbuda 68%
42%
Botswana 66%
42%
Jamaica 60%
42%
Nauru 66%
42%
St. Kitts and Nevis 74%
42%
Bahamas 70%
39%
Ghana 58.1%
39%
Tuvalu 94%
39%
Marshall Islands 76.7%
35%
Solomon Islands 76.6%
35%
Liberia 75%
32%
Republic of Congo 51%
32%
Barbados 67%
29%
Papua New Guinea 61.5%
29%
Central African Republic 61%
16%
DR Congo 50%
3%
No matching quizzes found
Score Distribution
Percent of People with Each Score
Percentile by Number Answered
Your Score History
You have not taken this quiz